Black rainbow (Record no. 117186)

MARC details
000 -LEADER
fixed length control field 00518nam a2200193Ia 4500
008 - FIXED-LENGTH DATA ELEMENTS--GENERAL INFORMATION
fixed length control field 191130s2005##################000#0#eng##
020 ## - INTERNATIONAL STANDARD BOOK NUMBER
ISBN 9780060745301
082 ## - DEWEY DECIMAL CLASSIFICATION NUMBER
Classification number 813.54 PET
100 ## - MAIN ENTRY--AUTHOR NAME
Personal name Peters, Elizabeth
245 ## - TITLE STATEMENT
Title Black rainbow
Statement of responsibility, etc Elizabeth Peters ; writing as Barbara Michaels
260 ## - PUBLICATION, DISTRIBUTION, ETC. (IMPRINT)
Place of publication New York
Name of publisher HarperTorch
Year of publication 2005
300 ## - PHYSICAL DESCRIPTION
Number of Pages 354 p.
650 ## - SUBJECT ADDED ENTRY--TOPICAL TERM
Topical Term England
Topical Term Governesses
991 ## -
-- 382779
Holdings
Withdrawn status Lost status Damaged status Not for loan Home library Current library Date acquired Full call number Accession Number Price effective from Koha item type
        Anna Centenary Library Anna Centenary Library 12.10.2020 813.54 PET 468891 12.10.2020 English Books

Find us on the map